|
|
|
|
| LEADER |
01345nam a2200289 a 4500 |
| 001 |
12290639 |
| 008 |
110313s2001 gw a b 001 0 eng d |
| 010 |
|
|
|a 2001020097
|
| 020 |
|
|
|a 3540416366 (alk. paper)
|
| 040 |
|
|
|a DLC
|c DLC
|d DLC
|d BD-DhAAL
|
| 042 |
|
|
|a pcc
|
| 050 |
0 |
0 |
|a HF5549.5.I5
|b V28 2001
|
| 082 |
0 |
0 |
|a 303.3/72
|2 21
|
| 100 |
1 |
|
|a Vandenbroucke, Frank,
|d 1955-
|
| 245 |
1 |
0 |
|a Social justice and individual ethics in an open society :
|b equality, responsibility, and incentives /
|c Frank Vandenbroucke.
|
| 260 |
|
|
|a Berlin ;
|a New York :
|b Springer,
|c c2001.
|
| 300 |
|
|
|a xiii, 305 p. :
|b ill. ;
|c 24 cm.
|
| 490 |
|
0 |
|a Studies in economic ethics and philosophy,
|x 1431-8822
|
| 504 |
|
|
|a Includes bibliographical references (p. 295-301) and index.
|
| 541 |
1 |
|
|e 00022014
|
| 650 |
|
0 |
|a Incentives in industry
|x Moral and ethical aspects.
|
| 650 |
|
0 |
|a Welfare economics.
|
| 650 |
|
0 |
|a Social justice.
|
| 852 |
|
|
|a Ayesha Abed Library
|c General Shelf.
|
| 999 |
|
|
|c 10528
|d 10528
|
| 952 |
|
|
|0 0
|1 0
|2 ddc
|4 0
|6 303_372000000000000_VAN
|7 0
|9 14653
|a BRACUL
|b BRACUL
|c GEN
|d 2011-03-15
|e TRIM EDUCATION
|g 5180.00
|l 1
|o 303.372 VAN
|p 3010022014
|r 2012-10-20
|s 2012-10-15
|t 1
|w 2011-03-15
|y BK
|
| 952 |
|
|
|0 0
|1 0
|2 ddc
|4 0
|6 303_372000000000000_VAN
|7 0
|9 14654
|a BRACUL
|b BRACUL
|c GEN
|d 2011-03-15
|e TRIM EDUCATION
|g 5180.00
|l 0
|o 303.372 VAN
|p 3010022015
|r 2011-03-15
|t 2
|w 2011-03-15
|y BK
|